00704nam a22001697a 4500008004100000020001500041050001900056245017900075260004300254300002300297440002800320700001700348700001600365942001200381999001600393952012500409140827b xxu||||| |||| 00| 0 eng d a0406095973 aKD277.7.L39100 aThe Law reports 1977:bQueen's bench division and on appeal therefrom in the court of appeal and decisions in the court of appeal criminal division. /cedited by C. J. Ellis. aLondon:bButterworth & Co. Ltd,c1977. axi, 1001p.:c24cm. pQueen's Bench Division. aEllis, C. J. aBray, A. H. 2lcccBK c3799d11299 00102lcc4070aWIUC-1bWIUC-1cLLd2014-08-27l0oKD277.7.L39100p19927/924/14r2014-08-27 00:00:00t1w2014-08-27yBK